000 00418pab a2200169 454500
008 180718b2010 xxu||||| |||| 00| 0 eng d
100 _aSardenberg, Cecilia M.B.
245 _aWomen's empowerment in Brazil: tensions in discourse and practice
260 _c2010
300 _ap.232-38.
362 _aJun
650 _aWomen - Brazil
650 _aWomen
773 _aDevelopment
908 _aN
909 _a87058
999 _c87058
_d87058